La tenuta a Frassinara del sig. Achille Puscio. Relazione sopra una gita zootecnica

Guardado en:
Detalles Bibliográficos
Autor principal: Malagodi, Rainero.
Formato: Libro
Lenguaje:italiano
Publicado: Parma Adorni 1894
Catálogo:EDISCO:  Resultados de Búsqueda del Catálogo
Clasificación de libros de texto:
Etiquetas: Agregar Etiqueta
Sin Etiquetas, Sea el primero en etiquetar este registro!
Añadido a:2016-04-30
Cambiado en:2017-10-18

MARC

LEADER 00000aam a22000007 4500
001 02250
003 OSt
005 20171018093516.0
008 160501s1894 it 000 0 ita
040 |c Gianfranco Bandini - Firenze - CLIO 
041 1 |a ita 
100 1 |a Malagodi, Rainero. 
245 0 0 |a La tenuta a Frassinara del sig. Achille Puscio. Relazione sopra una gita zootecnica 
260 |a Parma  |b Adorni  |c 1894 
300 |a 16, 1/x ;  
901 |a 7 
942 |2 ddc  |c BK 
546 |a ita 
999 |c 2239  |d 2239 
999 |c edisco:2239  |d 2239